header

The dialogics of critique (Record no. 46486)

MARC details
000 -LEADER
fixed length control field 01401nam a2200361Ia 4500
100 1# - MAIN ENTRY--AUTHOR NAME
Personal name Gardiner, Michael,
245 14 - TITLE STATEMENT
Title The dialogics of critique
260 ## - PUBLICATION, DISTRIBUTION, ETC. (IMPRINT)
Place of publication London ;
-- New York :
Name of publisher Routledge,
Year of publication 1992.
300 ## - PHYSICAL DESCRIPTION
Number of Pages 258 p.
650 #0 - SUBJECT ADDED ENTRY--TOPICAL TERM
Topical Term Literature
Topical Term Criticism
Topical Term Ideology.
Topical Term Hermeneutics.
856 40 - ELECTRONIC LOCATION AND ACCESS
Uniform Resource Identifier http://site.ebrary.com/lib/rucke/Doc?id=10060813

No items available.

© 2026 Rongo University
Contact us: librarian | system librarian | Rongo university